| 000 | 00491nam a2200169Ia 4500 | ||
|---|---|---|---|
| 008 | 140609s9999 xx 000 0 und d | ||
| 020 | _a9780486480411 | ||
| 050 |
_aNK 1510 _b.Os8 2011 |
||
| 100 | _aOsburn, Burl N. | ||
| 245 |
_aSecrets of good design for artists, artisans, & crafters / _cBurl N. Osburn |
||
| 250 | _aDover ed. | ||
| 260 |
_aMineola, N.Y. : _bDover Publications, _cc2011. |
||
| 300 |
_a94 p. : _bill. ; _c31 cm. |
||
| 521 | _aMA | ||
| 942 |
_kFOR _cBK |
||
| 999 |
_c118181 _d118181 |
||